000 00692nam a2200289Ia 4500
005 20260324132009.0
008 008 260324s9999 xx 000 0 eng d
020 _a9780203823774
037 _aEBOOK
040 _aCRL
040 _beng
040 _cCRL
041 _2eng
041 _aeng
084 _qCRL
100 _aNick Burnett
_91187642
245 0 _aLeadership and SEN
245 0 _bMeeting the Challenge in Special and Mainstream Settings
260 _bTaylor and Francis
260 _c2005
365 _a
365 _b200
856 _uhttp://www.taylorfrancis.com/books/9780203823774
942 _cEBOOK
999 _c1785301
_d1785301